=LDR 00000nam 2200000 4500 =001 NUTBA000000000002766 =005 20140627153535.0 =006 =007 =008 =020 ##$$a 978-979-29-2242-4 =035 ##$$a 0010-061400000000709 =040 ##$$a NBPDMAT =082 ##$$a 745.5 =090 ##$$a 745.5 $b Lis y =100 ##$$a Lisdy Rahayu =245 ##$$a Yuk berkreasi dengan kertas, kartdus dan bahan alami / oleh Risdy Rahayu =260 ##$$a Yogyakarta : $b Gramedia, $c 2012 =300 ##$$a vi, 53 hlm. : $b ilus. ; $c 23 cm. =500 ##$$a Bibliografi : hlm.53 =650 ##$$a Kerajinan tangan kertas =990 ##$$a 21402027 =990 ##$$a 21400613/BPAP-NTB/20142014 =990 ##$$a 21400613/BPAP-NTB/20142014 =990 ##$$a 21400613/BPAP-NTB/20142014 =990 ##$$a 21400613/BPAP-NTB/20142014 =990 ##$$a 21400613/BPAP-NTB/20142014